000 01021cab a2200277 4500
001 WB3402-29
008 090401t1998 xxu||||| |||| 00| 0 eng d
035 _a(Sirsi) u83100
041 _aeng
245 _aRICS gazumping rejection
260 _c1998
350 _a0
490 _aEstates Gazette
_v(9802) 10 January 1998, 46(1)
520 _aRICS members would resist attempts made to introduce conditional contracts for house purchases, according to the RICS. This follows the government`s pilot report that found Britain, the slowest system for house buying in the world, see WB3401-45.
650 _aCONDITIONAL CONTRACTS
650 _aDELAYS
650 _aGAZUMPING
650 _aGOVERNMENT STUDY
650 _aPROPERTY-RESIDENTIAL PROPERTY-ACQUISITION AND DISPOSAL OF RESIDENTIAL PROPERTY
650 _aHOUSE PURCHASE
650 _aHOUSING MARKET TRANSACTION PROJECT
650 _aREFORM
690 _aMANAGEMENT-BUSINESS MANAGEMENT-PROFESSIONAL PRACTICE
942 _n0
948 _c14/01/1998
999 _c52493
_d52493